Normal view
MARC view
Entry Personal Name
001 - CONTROL NUMBER
- control field: 1034
003 - CONTROL NUMBER IDENTIFIER
- control field: PK-NaQUE
005 - DATE AND TIME OF LATEST TRANSACTION
- control field: 20260629132158.0
008 - FIXED-LENGTH DATA ELEMENTS
- fixed length control field: 260629|| aca||aabn | a|a d
040 ## - CATALOGING SOURCE
- Original cataloging agency: PK-NaQUE
- Transcribing agency: PK-NaQUE
100 ## - HEADING--PERSONAL NAME
- Personal name: Arhama Ansari
- Personal name: 21-MCSE-07
- Personal name: Supervisor - Prof.Dr. Intesab Hussain Sadhayo
670 ## - SOURCE DATA FOUND
- Source citation: Work cat.: (PK-NaQUE)69091: Arhama Ansari 21-MCSE-07 Supervisor - Prof.Dr. Intesab Hussain Sadhayo, Malaria Parasite Classification From Microscopic Blood Film Image Using Deep Learning Algorithms (Thesis MS), 2025